[Event "DVM U16 2023"]
[Site "Magdeburg GER"]
[Date "2023.12.27"]
[Round "2"]
[White "Werner, Florin"]
[Black "Kauth, Lukas"]
[Result "1-0"]
[Termination "normal"]
[Board "9.2"]
[WhiteElo "1701"]
[BlackElo "1696"]
[WhiteTeam "VSG 1880 Offenbach"]
[BlackTeam "SK Bebenhausen 1992"]
[PlyCount "109"]
[WhiteFideId "16250230"]
[BlackFideId "16272994"]
[EventCountry "GER"]
[EventRounds "7"]
[EventType "team-swiss"]
[EventDate "2023.12.26"]

1. e4 {[%emt 00:47:15]} c5 {[%emt 00:00:41]} 2. Nf3 {[%emt 00:00:14]} d6 {[%emt
00:00:27]} 3. d4 {[%emt 00:00:56]} cxd4 {[%emt 00:01:01]} 4. Nxd4 {[%emt
00:00:51]} Nf6 {[%emt 00:00:49]} 5. Nc3 {[%emt 00:00:14]} a6 {[%emt 00:00:15]}
6. Bc4 {[%emt 00:00:27]} e6 {[%emt 00:00:52]} 7. O-O {[%emt 00:04:30]} b5
{[%emt 00:00:37]} 8. Bb3 {[%emt 00:00:24]} Be7 {[%emt 00:01:27]} 9. f4 {[%emt
00:01:38]} O-O {[%emt 00:01:11]} 10. a3 {[%emt 00:06:34]} Nbd7 {[%emt
00:10:35]} 11. Re1 {[%emt 00:05:42]} Nc5 {[%emt 00:05:00]} 12. Nc6 {[%emt
00:05:13]} Qc7 {[%emt 00:00:41]} 13. Nxe7+ {[%emt 00:00:06]} Qxe7 {[%emt
00:00:08]} 14. e5 {[%emt 00:02:39]} dxe5 {[%emt 00:00:37]} 15. fxe5 {[%emt
00:00:05]} Nfd7 {[%emt 00:00:37]} 16. Ba2 {[%emt 00:03:01]} Nb6 {[%emt
00:09:19]} 17. Qg4 {[%emt 00:04:54]} Kh8 {[%emt 00:11:41]} 18. Bg5 {[%emt
00:09:18]} f6 {[%emt 00:03:33]} 19. exf6 {[%emt 00:02:10]} gxf6 {[%emt
00:02:03]} 20. Be3 {[%emt 00:15:26]} Rg8 {[%emt 00:03:18]} 21. Qb4 {[%emt
00:01:56]} Nbd7 {[%emt 00:08:50]} 22. g3 {[%emt 00:03:37]} Bb7 {[%emt
00:05:35]} 23. Bxc5 {[%emt 00:01:19]} Nxc5 {[%emt 00:04:49]} 24. Rxe6 {[%emt
00:00:38]} Qc7 {[%emt 00:00:42]} 25. Re3 {[%emt 00:00:12]} Rg5 {[%emt
00:01:44]} 26. Rd1 {[%emt 00:06:56]} a5 {[%emt 00:13:25]} 27. Qd4 {[%emt
00:00:56]} Rf5 {[%emt 00:09:15]} 28. Rf1 {[%emt 00:14:50]} Rd8 {[%emt
00:01:11]} 29. Qxd8+ {[%emt 00:01:11]} Qxd8 {[%emt 00:00:02]} 30. Rxf5 {[%emt
00:00:01]} Qd4 {[%emt 00:00:25]} 31. Kf2 {[%emt 00:00:08]} Be4 {[%emt
00:03:23]} 32. Rf4 {[%emt 00:00:06]} Qd2+ {[%emt 00:00:29]} 33. Re2 {[%emt
00:00:15]} Qd4+ {[%emt 00:00:03]} 34. Kf1 {[%emt 00:00:11]} f5 {[%emt
00:00:14]} 35. Bd5 {[%emt 00:01:04]} b4 {[%emt 00:01:14]} 36. axb4 {[%emt
00:00:18]} axb4 {[%emt 00:00:04]} 37. Bxe4 {[%emt 00:02:40]} Nxe4 {[%emt
00:00:21]} 38. Nxe4 {[%emt 00:00:12]} fxe4 {[%emt 00:00:04]} 39. Rfxe4 {[%emt
00:00:17]} Qd1+ {[%emt 00:00:26]} 40. Kg2 {[%emt 00:00:42]} Qd5 {[%emt
00:00:38]} 41. b3 {[%emt 00:01:51]} Kg7 {[%emt 00:01:07]} 42. h4 {[%emt
00:00:11]} h6 {[%emt 00:00:49]} 43. Kh2 {[%emt 00:00:05]} Qd1 {[%emt 00:00:43]}
44. Rf2 {[%emt 00:02:07]} Qd6 {[%emt 00:00:46]} 45. Ref4 {[%emt 00:02:25]} Qc5
{[%emt 00:01:04]} 46. Rf5 {[%emt 00:01:04]} Qe3 {[%emt 00:00:46]} 47. Rf7+
{[%emt 00:01:39]} Kg6 {[%emt 00:00:16]} 48. R2f6+ {[%emt 00:00:20]} Kh5 {[%emt
00:00:13]} 49. Rf5+ {[%emt 00:00:40]} Kg4 {[%emt 00:01:06]} 50. Rf4+ {[%emt
00:00:04]} Kh5 {[%emt 00:00:11]} 51. R7f5+ {[%emt 00:00:10]} Kg6 {[%emt
00:00:13]} 52. h5+ {[%emt 00:00:02]} Kg7 {[%emt 00:00:12]} 53. Rf7+ {[%emt
00:00:04]} Kg8 {[%emt 00:00:03]} 54. Rf8+ {[%emt 00:00:03]} Kh7 {[%emt
00:00:04]} 55. R4f7# {[%emt 00:00:03]} 1-0

[Event "DVM U16 2023"]
[Site "Magdeburg GER"]
[Date "2023.12.27"]
[Round "2"]
[White "Andrei, Quentin"]
[Black "Laux, Filip"]
[Result "1-0"]
[Termination "normal"]
[Board "9.3"]
[WhiteElo "1550"]
[BlackElo "1589"]
[WhiteClock "00:01:28"]
[BlackClock "00:20:35"]
[WhiteTeam "SK Bebenhausen 1992"]
[BlackTeam "VSG 1880 Offenbach"]
[PlyCount "73"]
[WhiteFideId "16255712"]
[BlackFideId "16275730"]
[EventCountry "GER"]
[EventRounds "7"]
[EventType "team-swiss"]
[EventDate "2023.12.26"]

1. e4 {[%clk 01:30:59]} c6 {[%clk 01:30:48]} {[%emt 00:00:12]} 2. d4 {[%clk
01:31:28]} {[%emt 00:00:02]} d5 {[%clk 01:31:02]} {[%emt 00:00:15]} 3. Nc3
{[%clk 01:31:54]} {[%emt 00:00:04]} dxe4 {[%clk 01:31:13]} {[%emt 00:00:19]} 4.
Nxe4 {[%emt 00:00:03]} Bf5 {[%clk 01:31:22]} {[%emt 00:00:19]} 5. Ng3 {[%clk
01:32:50]} {[%emt 00:00:03]} Bg6 {[%clk 01:31:34]} {[%emt 00:00:18]} 6. h4
{[%clk 01:33:09]} {[%emt 00:00:12]} h6 {[%clk 01:31:47]} {[%emt 00:00:17]} 7.
Nf3 {[%clk 01:33:25]} {[%emt 00:00:13]} Nd7 {[%clk 01:32:05]} {[%emt 00:00:12]}
8. h5 {[%clk 01:33:51]} {[%emt 00:00:05]} Bh7 {[%clk 01:32:16]} {[%emt
00:00:18]} 9. Bd3 {[%clk 01:34:18]} {[%emt 00:00:04]} Bxd3 {[%clk 01:32:24]}
{[%emt 00:00:22]} 10. Qxd3 {[%clk 01:34:44]} {[%emt 00:00:04]} e6 {[%clk
01:32:33]} {[%emt 00:00:20]} 11. Bd2 {[%clk 01:34:43]} {[%emt 00:00:31]} Ngf6
{[%clk 01:32:40]} {[%emt 00:00:23]} 12. O-O-O {[%emt 00:00:23]} Be7 {[%clk
01:32:25]} {[%emt 00:00:39]} 13. Ne4 {[%clk 01:35:20]} {[%emt 00:00:07]} Nxe4
{[%clk 01:32:29]} {[%emt 00:00:26]} 14. Qxe4 {[%clk 01:35:38]} {[%emt
00:00:12]} Nf6 {[%clk 01:32:39]} {[%emt 00:00:19]} 15. Qd3 {[%clk 01:35:45]}
{[%emt 00:00:23]} O-O {[%clk 01:32:25]} {[%emt 00:00:45]} 16. Kb1 {[%clk
01:35:47]} {[%emt 00:00:27]} Qd5 {[%clk 01:29:43]} {[%emt 00:03:11]} 17. g4
{[%clk 01:27:03]} {[%emt 00:09:16]} Ne4 {[%clk 01:14:16]} {[%emt 00:15:57]} 18.
Be3 {[%clk 01:18:27]} {[%emt 00:09:06]} Ng5 {[%clk 01:12:13]} {[%emt 00:02:31]}
19. Nxg5 {[%clk 01:17:26]} {[%emt 00:01:32]} Bxg5 {[%clk 01:11:28]} {[%emt
00:01:16]} 20. f4 {[%clk 01:17:21]} {[%emt 00:00:35]} Bf6 {[%clk 01:05:17]}
{[%emt 00:06:41]} 21. c4 {[%clk 01:09:06]} {[%emt 00:08:45]} Qd8 {[%clk
01:00:29]} {[%emt 00:05:17]} 22. Rhg1 {[%clk 01:02:37]} {[%emt 00:07:00]} Be7
{[%clk 00:54:32]} {[%emt 00:06:27]} 23. g5 {[%clk 01:02:03]} {[%emt 00:01:04]}
hxg5 {[%clk 00:53:24]} {[%emt 00:01:37]} 24. fxg5 {[%clk 01:02:32]} {[%emt
00:00:02]} Re8 {[%clk 00:49:31]} {[%emt 00:04:22]} 25. Rg2 {[%clk 00:55:03]}
{[%emt 00:07:59]} Bf8 {[%clk 00:43:41]} {[%emt 00:06:20]} 26. Rh1 {[%clk
00:47:39]} {[%emt 00:07:54]} Rc8 {[%clk 00:41:38]} {[%emt 00:02:33]} 27. g6
{[%clk 00:39:48]} {[%emt 00:08:22]} f6 {[%clk 00:41:47]} {[%emt 00:00:20]} 28.
h6 {[%clk 00:38:57]} {[%emt 00:01:22]} Rc7 {[%clk 00:41:23]} {[%emt 00:00:54]}
29. Rgh2 {[%clk 00:26:33]} {[%emt 00:12:54]} f5 {[%clk 00:35:55]} {[%emt
00:05:57]} 30. Qd1 {[%clk 00:11:09]} {[%emt 00:15:55]} Qf6 {[%clk 00:32:31]}
{[%emt 00:03:54]} 31. Qh5 {[%clk 00:01:07]} {[%emt 00:10:33]} b6 {[%clk
00:23:07]} {[%emt 00:09:53]} 32. Rh4 {[%clk 00:01:03]} {[%emt 00:00:34]} Qe7
{[%clk 00:21:33]} {[%emt 00:02:03]} 33. hxg7 {[%emt 00:00:52]} Bxg7 {[%clk
00:21:49]} {[%emt 00:00:12]} 34. Qh7+ {[%clk 00:00:47]} {[%emt 00:00:26]} Kf8
{[%clk 00:22:08]} {[%emt 00:00:11]} 35. Bh6 {[%clk 00:00:43]} {[%emt 00:00:34]}
Qf6 {[%clk 00:20:56]} {[%emt 00:01:42]} 36. Qh8+ {[%clk 00:00:59]} {[%emt
00:00:15]} Ke7 {[%clk 00:20:35]} {[%emt 00:00:50]} 37. Qxg7+ {[%clk 00:01:28]}
{[%emt 00:00:02]} 1-0

[Event "DVM U16 2023"]
[Site "Magdeburg GER"]
[Date "2023.12.27"]
[Round "2"]
[White "Staat, Christian"]
[Black "Laub, David JohannHeinrich"]
[Result "1-0"]
[Termination "normal"]
[Board "9.4"]
[WhiteElo "1268"]
[BlackElo "1402"]
[WhiteClock "00:13:01"]
[BlackClock "00:08:52"]
[WhiteTeam "VSG 1880 Offenbach"]
[BlackTeam "SK Bebenhausen 1992"]
[PlyCount "73"]
[WhiteFideId "34608141"]
[BlackFideId "34647767"]
[EventCountry "GER"]
[EventRounds "7"]
[EventType "team-swiss"]
[EventDate "2023.12.26"]

1. d4 {[%clk 01:30:59]} Nf6 {[%clk 01:30:46]} {[%emt 00:00:15]} 2. c4 {[%clk
01:31:25]} {[%emt 00:00:04]} e6 {[%clk 01:30:54]} {[%emt 00:00:22]} 3. Nf3
{[%clk 01:30:29]} {[%emt 00:01:26]} d5 {[%clk 01:30:01]} {[%emt 00:01:23]} 4.
e3 {[%clk 01:28:37]} {[%emt 00:02:22]} c5 {[%clk 01:27:24]} {[%emt 00:03:07]}
5. Nc3 {[%clk 01:28:23]} {[%emt 00:00:43]} Nc6 {[%clk 01:26:29]} {[%emt
00:01:25]} 6. b3 {[%clk 01:26:01]} {[%emt 00:02:52]} Bd6 {[%clk 01:25:20]}
{[%emt 00:01:40]} 7. Be2 {[%clk 01:24:02]} {[%emt 00:02:28]} O-O {[%clk
01:22:59]} {[%emt 00:02:52]} 8. O-O {[%clk 01:24:19]} {[%emt 00:00:13]} Re8
{[%clk 01:20:28]} {[%emt 00:03:01]} 9. Nb5 {[%clk 01:18:33]} {[%emt 00:06:16]}
e5 {[%clk 01:18:26]} {[%emt 00:02:32]} 10. Ba3 {[%clk 01:09:37]} {[%emt
00:09:26]} b6 {[%clk 01:14:32]} {[%emt 00:04:24]} 11. Nxd6 {[%clk 01:02:30]}
{[%emt 00:07:37]} Qxd6 {[%clk 01:14:15]} {[%emt 00:00:46]} 12. dxc5 {[%clk
01:00:47]} {[%emt 00:02:14]} bxc5 {[%clk 01:13:37]} {[%emt 00:01:08]} 13. cxd5
{[%clk 01:00:21]} {[%emt 00:00:56]} Ne7 {[%clk 01:02:58]} {[%emt 00:11:09]} 14.
Rc1 {[%clk 00:48:09]} {[%emt 00:12:42]} Nd7 {[%clk 00:54:52]} {[%emt 00:08:36]}
15. e4 {[%clk 00:40:14]} {[%emt 00:08:25]} a6 {[%clk 00:47:04]} {[%emt
00:08:18]} 16. Nd2 {[%clk 00:38:45]} {[%emt 00:01:58]} Bb7 {[%clk 00:43:04]}
{[%emt 00:04:30]} 17. Nc4 {[%clk 00:33:18]} {[%emt 00:05:57]} Qg6 {[%clk
00:40:12]} {[%emt 00:03:22]} 18. Qd3 {[%clk 00:29:51]} {[%emt 00:03:57]} Rac8
{[%clk 00:38:27]} {[%emt 00:02:16]} 19. f3 {[%clk 00:29:04]} {[%emt 00:01:17]}
Kh8 {[%clk 00:36:53]} {[%emt 00:02:04]} 20. Rc2 {[%clk 00:25:44]} {[%emt
00:03:50]} Ng8 {[%emt 00:02:38]} 21. Rfc1 {[%clk 00:24:59]} Ngf6 {[%clk
00:26:20]} {[%emt 00:10:10]} 22. Na5 {[%clk 00:23:35]} {[%emt 00:01:54]} Nh5
{[%clk 00:21:37]} {[%emt 00:05:13]} 23. Bf1 {[%clk 00:22:12]} {[%emt 00:01:53]}
Nf4 {[%clk 00:20:11]} {[%emt 00:01:56]} 24. Qe3 {[%clk 00:21:53]} {[%emt
00:00:34]} Ba8 {[%clk 00:18:28]} {[%emt 00:02:28]} 25. b4 {[%clk 00:19:54]}
{[%emt 00:02:29]} Qb6 {[%clk 00:16:31]} {[%emt 00:02:27]} 26. Nc4 {[%clk
00:15:39]} {[%emt 00:04:45]} Qc7 {[%clk 00:12:58]} {[%emt 00:04:02]} 27. Nd2
{[%clk 00:14:25]} {[%emt 00:01:43]} c4 {[%clk 00:11:19]} {[%emt 00:02:11]} 28.
Nxc4 {[%clk 00:10:48]} {[%emt 00:04:07]} Qd8 {[%clk 00:10:30]} {[%emt
00:01:18]} 29. Nd6 {[%clk 00:10:59]} {[%emt 00:00:20]} Rxc2 {[%clk 00:09:32]}
{[%emt 00:01:28]} 30. Nxf7+ {[%clk 00:11:22]} {[%emt 00:00:06]} Kg8 {[%clk
00:09:50]} {[%emt 00:00:13]} 31. Nxd8 {[%clk 00:11:47]} {[%emt 00:00:04]} Rxc1
{[%clk 00:09:51]} {[%emt 00:00:29]} 32. Qxc1 {[%clk 00:12:07]} {[%emt
00:00:11]} Rxd8 {[%clk 00:10:14]} {[%emt 00:00:07]} 33. Qc7 {[%clk 00:12:24]}
{[%emt 00:00:12]} Rf8 {[%clk 00:09:36]} {[%emt 00:01:08]} 34. Qxd7 {[%clk
00:12:46]} {[%emt 00:00:08]} h6 {[%clk 00:09:22]} {[%emt 00:00:44]} 35. Bc4
{[%clk 00:12:59]} {[%emt 00:00:16]} Kh8 {[%clk 00:09:35]} {[%emt 00:00:17]} 36.
d6 {[%clk 00:12:54]} {[%emt 00:00:35]} Ng6 {[%clk 00:08:52]} {[%emt 00:01:13]}
37. Qc7 {[%clk 00:13:01]} {[%emt 00:00:21]} 1-0

[Event "DVM U16 2023"]
[Site "Magdeburg GER"]
[Date "2023.12.28"]
[Round "3"]
[White "Bungarten, Jona"]
[Black "Fuhrmann, Bahne"]
[Result "1-0"]
[Termination "normal"]
[Board "1.1"]
[WhiteElo "2085"]
[BlackElo "2032"]
[WhiteClock "01:03:16"]
[BlackClock "00:12:45"]
[WhiteTeam "SF Brackel 1930"]
[BlackTeam "Hamburger SK 1830"]
[PlyCount "53"]
[WhiteFideId "16223608"]
[BlackFideId "16244842"]
[EventCountry "GER"]
[EventRounds "7"]
[EventType "team-swiss"]
[EventDate "2023.12.26"]

1. e4 {[%clk 01:30:58]} e5 {[%clk 01:30:57]} {[%emt 00:00:04]} 2. f4 {[%emt
00:00:19]} exf4 {[%clk 01:31:13]} {[%emt 00:00:11]} 3. Nf3 {[%clk 01:31:31]}
{[%emt 00:00:10]} Be7 {[%clk 01:31:37]} {[%emt 00:00:06]} 4. Bc4 {[%clk
01:31:30]} {[%emt 00:00:31]} Nf6 {[%clk 01:31:58]} {[%emt 00:00:09]} 5. Nc3
{[%clk 01:31:42]} {[%emt 00:00:18]} d5 {[%clk 01:28:47]} {[%emt 00:03:41]} 6.
Bxd5 {[%clk 01:27:07]} {[%emt 00:05:05]} g5 {[%clk 01:13:08]} {[%emt 00:16:10]}
7. d4 {[%clk 01:25:03]} {[%emt 00:02:33]} Bb4 {[%clk 01:03:00]} {[%emt
00:10:38]} 8. Qe2 {[%clk 01:19:38]} {[%emt 00:05:55]} Nxd5 {[%clk 00:41:28]}
{[%emt 00:22:03]} 9. exd5+ {[%clk 01:19:59]} {[%emt 00:00:08]} Kf8 {[%clk
00:41:56]} {[%emt 00:00:03]} 10. O-O {[%clk 01:15:37]} {[%emt 00:04:52]} Bg4
{[%clk 00:37:56]} {[%emt 00:04:30]} 11. Qb5 {[%clk 01:13:07]} {[%emt 00:02:59]}
Bxc3 {[%clk 00:35:07]} {[%emt 00:03:19]} 12. bxc3 {[%clk 01:13:32]} {[%emt
00:00:05]} Bxf3 {[%clk 00:33:28]} {[%emt 00:02:10]} 13. Rxf3 {[%clk 01:13:40]}
{[%emt 00:00:21]} Kg7 {[%clk 00:33:01]} {[%emt 00:00:57]} 14. g3 {[%clk
01:09:43]} {[%emt 00:04:27]} Qd7 {[%clk 00:30:40]} {[%emt 00:02:52]} 15. Qxb7
{[%clk 01:03:46]} {[%emt 00:06:26]} Re8 {[%clk 00:28:11]} {[%emt 00:02:59]} 16.
Bxf4 {[%clk 01:02:03]} {[%emt 00:02:13]} gxf4 {[%clk 00:23:26]} {[%emt
00:05:16]} 17. Qxa8 {[%clk 01:02:21]} {[%emt 00:00:12]} Qg4 {[%clk 00:12:30]}
{[%emt 00:11:26]} 18. d6 {[%clk 01:01:22]} {[%emt 00:01:28]} c6 {[%clk
00:12:42]} {[%emt 00:00:18]} 19. Rxf4 {[%clk 01:00:51]} {[%emt 00:01:01]} Qd7
{[%clk 00:12:16]} {[%emt 00:00:56]} 20. Raf1 {[%clk 01:01:11]} {[%emt
00:00:09]} Rf8 {[%clk 00:12:08]} {[%emt 00:00:39]} 21. d5 {[%clk 01:01:00]}
{[%emt 00:00:41]} Qxd6 {[%clk 00:11:21]} {[%emt 00:01:18]} 22. Qxa7 {[%clk
01:01:14]} {[%emt 00:00:16]} Qxd5 {[%clk 00:11:41]} {[%emt 00:00:10]} 23. Qd4+
{[%clk 01:01:37]} {[%emt 00:00:07]} f6 {[%clk 00:11:51]} {[%emt 00:00:20]} 24.
Qxd5 {[%clk 01:02:00]} {[%emt 00:00:06]} cxd5 {[%clk 00:12:17]} {[%emt
00:00:05]} 25. c4 {[%clk 01:02:27]} {[%emt 00:00:03]} Rc8 {[%clk 00:12:21]}
{[%emt 00:00:26]} 26. cxd5 {[%clk 01:02:49]} {[%emt 00:00:08]} Rxc2 {[%clk
00:12:45]} {[%emt 00:00:06]} 27. Rxf6 {[%clk 01:03:16]} {[%emt 00:00:03]} 1-0

[Event "DVM U16 2023"]
[Site "Magdeburg GER"]
[Date "2023.12.28"]
[Round "3"]
[White "Krüger, Arthur"]
[Black "Prieb, Robert"]
[Result "1/2-1/2"]
[Termination "normal"]
[Board "1.2"]
[BlackTitle "CM"]
[WhiteElo "1886"]
[BlackElo "2055"]
[WhiteTeam "Hamburger SK 1830"]
[BlackTeam "SF Brackel 1930"]
[PlyCount "53"]
[WhiteFideId "16244966"]
[BlackFideId "16212002"]
[EventCountry "GER"]
[EventRounds "7"]
[EventType "team-swiss"]
[EventDate "2023.12.26"]

1. d4 Nf6 2. Nf3 g6 3. Bf4 Bg7 4. e3 d6 5. Be2 O-O 6. h3 c5 7. c3 cxd4 8. exd4
Nc6 9. O-O Nd5 10. Bh2 e5 11. dxe5 dxe5 12. Nbd2 Re8 13. Ne4 Bf5 14. Bd3 Qb6
15. Qb3 Rad8 16. Bc2 Na5 17. Qxb6 axb6 18. g4 Bxe4 19. Bxe4 Nf4 20. Bxf4 exf4
21. Rae1 Nc4 22. Bxb7 Rxe1 23. Rxe1 Nxb2 24. Re4 Nd1 25. Rxf4 Nxc3 26. Rb4 Nxa2
27. Rxb6 1/2-1/2

[Event "DVM U16 2023"]
[Site "Magdeburg GER"]
[Date "2023.12.28"]
[Round "3"]
[White "Tomasjan, Samuel"]
[Black "Tietz, Bennit"]
[Result "1-0"]
[Termination "normal"]
[Board "1.3"]
[WhiteElo "1955"]
[BlackElo "1793"]
[WhiteClock "00:22:44"]
[BlackClock "00:01:11"]
[WhiteTeam "SF Brackel 1930"]
[BlackTeam "Hamburger SK 1830"]
[PlyCount "131"]
[WhiteFideId "16235584"]
[BlackFideId "16286936"]
[EventCountry "GER"]
[EventRounds "7"]
[EventType "team-swiss"]
[EventDate "2023.12.26"]

1. e4 {[%clk 01:30:56]} {[%emt 00:00:04]} d5 {[%clk 01:30:48]} {[%emt
00:00:13]} 2. exd5 {[%clk 01:31:20]} {[%emt 00:00:06]} Qxd5 {[%clk 01:31:10]}
{[%emt 00:00:06]} 3. Nc3 {[%clk 01:31:45]} {[%emt 00:00:06]} Qd6 {[%clk
01:31:06]} {[%emt 00:00:32]} 4. Nf3 {[%clk 01:31:57]} {[%emt 00:00:19]} Nf6
{[%clk 01:30:43]} {[%emt 00:00:54]} 5. d4 {[%clk 01:29:46]} {[%emt 00:02:41]}
a6 {[%clk 01:30:35]} {[%emt 00:00:37]} 6. a4 {[%clk 01:21:31]} {[%emt
00:08:45]} Bg4 {[%clk 01:22:26]} {[%emt 00:08:40]} 7. Be2 {[%clk 00:50:16]}
{[%emt 00:31:44]} Nc6 {[%clk 01:13:18]} {[%emt 00:09:38]} 8. Be3 {[%clk
00:48:23]} {[%emt 00:02:23]} Bxf3 {[%clk 00:54:46]} {[%emt 00:19:03]} 9. Bxf3
{[%clk 00:48:41]} {[%emt 00:00:11]} O-O-O {[%clk 00:54:27]} {[%emt 00:00:49]}
10. Ne2 {[%clk 00:43:37]} {[%emt 00:05:34]} e5 {[%clk 00:50:08]} {[%emt
00:04:49]} 11. Bxc6 {[%clk 00:42:34]} {[%emt 00:01:33]} Qxc6 {[%clk 00:48:15]}
{[%emt 00:02:23]} 12. O-O {[%clk 00:42:49]} {[%emt 00:00:15]} exd4 {[%clk
00:42:52]} {[%emt 00:05:54]} 13. Nxd4 {[%clk 00:38:28]} {[%emt 00:04:50]} Qe4
{[%clk 00:31:35]} {[%emt 00:11:47]} 14. Qd3 {[%clk 00:18:22]} {[%emt 00:20:37]}
Qxd3 {[%clk 00:28:52]} {[%emt 00:03:12]} 15. cxd3 {[%clk 00:18:46]} {[%emt
00:00:06]} Nd5 {[%clk 00:18:19]} {[%emt 00:11:04]} 16. Rac1 {[%clk 00:18:16]}
{[%emt 00:01:00]} Be7 {[%clk 00:15:53]} {[%emt 00:02:56]} 17. Nf5 {[%clk
00:14:12]} {[%emt 00:04:33]} Bf6 {[%clk 00:15:25]} {[%emt 00:00:58]} 18. d4
{[%clk 00:14:09]} {[%emt 00:00:34]} Rhe8 {[%clk 00:13:45]} {[%emt 00:02:09]}
19. Rfe1 {[%clk 00:12:56]} {[%emt 00:01:43]} g6 {[%clk 00:13:22]} {[%emt
00:00:53]} 20. Ng3 {[%clk 00:12:22]} {[%emt 00:01:03]} Bg7 {[%clk 00:08:05]}
{[%emt 00:05:48]} 21. Nf1 {[%clk 00:08:54]} {[%emt 00:03:58]} Rd6 {[%clk
00:07:00]} {[%emt 00:01:36]} 22. Rcd1 {[%clk 00:06:29]} {[%emt 00:02:54]} Nxe3
{[%clk 00:03:42]} {[%emt 00:03:48]} 23. fxe3 {[%clk 00:05:26]} {[%emt
00:01:33]} Rb6 {[%clk 00:03:46]} {[%emt 00:00:27]} 24. Rd2 {[%clk 00:03:52]}
{[%emt 00:02:04]} Rb4 {[%clk 00:03:50]} {[%emt 00:00:25]} 25. Rc1 {[%clk
00:03:16]} {[%emt 00:01:06]} f5 {[%clk 00:01:54]} {[%emt 00:02:26]} 26. Rdc2
{[%clk 00:02:50]} {[%emt 00:00:56]} Re7 {[%clk 00:02:22]} {[%emt 00:00:02]} 27.
d5 {[%clk 00:01:32]} {[%emt 00:01:48]} Be5 {[%clk 00:02:50]} {[%emt 00:00:03]}
28. Nd2 {[%clk 00:01:22]} {[%emt 00:00:40]} Rxb2 {[%clk 00:02:05]} {[%emt
00:01:15]} 29. Nc4 {[%clk 00:01:03]} {[%emt 00:00:48]} Rxc2 {[%clk 00:02:17]}
{[%emt 00:00:19]} 30. Rxc2 {[%clk 00:01:29]} {[%emt 00:00:04]} Kd7 {[%clk
00:01:39]} {[%emt 00:01:08]} 31. a5 {[%clk 00:01:07]} {[%emt 00:00:52]} g5
{[%clk 00:00:36]} {[%emt 00:01:33]} 32. Rc1 {[%clk 00:00:56]} {[%emt 00:00:40]}
f4 {[%clk 00:00:45]} {[%emt 00:00:22]} 33. exf4 {[%clk 00:00:44]} {[%emt
00:00:42]} Bd4+ {[%clk 00:01:02]} {[%emt 00:00:12]} 34. Kf1 {[%clk 00:00:57]}
{[%emt 00:00:17]} gxf4 {[%clk 00:00:52]} {[%emt 00:00:41]} 35. Rb1 {[%clk
00:01:19]} {[%emt 00:00:08]} Kc8 {[%clk 00:00:38]} {[%emt 00:00:43]} 36. Rc1
{[%clk 00:00:46]} {[%emt 00:01:04]} Kb8 {[%clk 00:00:38]} {[%emt 00:00:30]} 37.
Rd1 {[%clk 00:00:49]} {[%emt 00:00:27]} Bc5 {[%clk 00:00:48]} {[%emt 00:00:19]}
38. Rd3 {[%clk 00:00:59]} {[%emt 00:00:21]} Re4 {[%clk 00:00:37]} {[%emt
00:00:40]} 39. Nd2 {[%clk 00:01:05]} {[%emt 00:00:23]} Ra4 {[%clk 00:00:40]}
{[%emt 00:00:28]} 40. Nb3 {[%clk 00:01:26]} {[%emt 00:00:10]} Bd6 {[%clk
00:00:37]} {[%emt 00:00:33]} 41. Ke2 {[%clk 00:29:59]} {[%emt 00:01:56]} Rb4
{[%clk 00:13:56]} {[%emt 00:17:10]} 42. Kf3 {[%clk 00:27:22]} {[%emt 00:03:08]}
h5 {[%clk 00:13:05]} {[%emt 00:01:22]} 43. Nd4 {[%clk 00:26:32]} {[%emt
00:01:19]} Ra4 {[%clk 00:07:03]} {[%emt 00:06:32]} 44. Ne6 {[%clk 00:21:21]}
{[%emt 00:05:42]} Kc8 {[%clk 00:05:32]} {[%emt 00:01:59]} 45. Ng7 {[%clk
00:20:57]} {[%emt 00:00:55]} h4 {[%clk 00:05:06]} {[%emt 00:00:56]} 46. Nf5
{[%clk 00:20:45]} {[%emt 00:00:42]} Rxa5 {[%clk 00:04:36]} {[%emt 00:01:00]}
47. Nxh4 {[%clk 00:19:26]} {[%emt 00:01:49]} Ra3 {[%clk 00:03:56]} {[%emt
00:01:10]} 48. Ke4 {[%clk 00:18:47]} {[%emt 00:01:10]} Rxd3 {[%clk 00:02:46]}
{[%emt 00:01:40]} 49. Kxd3 {[%clk 00:19:10]} {[%emt 00:00:06]} Kd7 {[%clk
00:02:45]} {[%emt 00:00:30]} 50. Nf5 {[%clk 00:19:20]} {[%emt 00:00:21]} f3
{[%clk 00:02:33]} {[%emt 00:00:42]} 51. g3 {[%clk 00:19:28]} {[%emt 00:00:21]}
f2 {[%clk 00:02:53]} {[%emt 00:00:11]} 52. Ke2 {[%clk 00:19:48]} {[%emt
00:00:11]} Bc5 {[%clk 00:03:08]} {[%emt 00:00:15]} 53. h4 {[%clk 00:19:49]}
{[%emt 00:00:29]} Ke8 {[%clk 00:02:57]} {[%emt 00:00:40]} 54. h5 {[%clk
00:20:02]} {[%emt 00:00:17]} Kf7 {[%clk 00:02:43]} {[%emt 00:00:44]} 55. g4
{[%clk 00:20:28]} {[%emt 00:00:04]} a5 {[%clk 00:02:26]} {[%emt 00:00:48]} 56.
g5 {[%clk 00:20:53]} {[%emt 00:00:04]} a4 {[%clk 00:01:03]} {[%emt 00:01:54]}
57. g6+ {[%clk 00:21:19]} {[%emt 00:00:04]} Kg8 {[%clk 00:01:10]} {[%emt
00:00:22]} 58. h6 {[%clk 00:21:17]} {[%emt 00:00:32]} a3 {[%clk 00:01:09]}
{[%emt 00:00:31]} 59. h7+ {[%clk 00:21:34]} {[%emt 00:00:13]} Kh8 {[%clk
00:01:28]} {[%emt 00:00:11]} 60. Nh6 {[%clk 00:22:00]} {[%emt 00:00:05]} Kg7
{[%clk 00:00:37]} {[%emt 00:01:21]} 61. Nf7 {[%clk 00:22:21]} {[%emt 00:00:09]}
a2 {[%clk 00:00:39]} {[%emt 00:00:28]} 62. h8=Q+ {[%clk 00:22:40]} {[%emt
00:00:09]} Kxg6 {[%clk 00:01:08]} {[%emt 00:00:03]} 63. Ne5+ {[%clk 00:22:44]}
{[%emt 00:00:25]} Kf5 {[%clk 00:01:04]} {[%emt 00:00:34]} 64. Nd3 {[%clk
00:23:05]} {[%emt 00:00:09]} Be7 {[%clk 00:00:50]} {[%emt 00:00:45]} 65. Qe5+
{[%clk 00:22:51]} {[%emt 00:00:43]} Kg6 {[%clk 00:01:11]} {[%emt 00:00:08]} 66.
Qb2 {[%clk 00:22:44]} {[%emt 00:00:38]} 1-0